[Event "Lady Chess 2014"]
[Site "Koge"]
[Date "2014.10.11"]
[Round "1.5"]
[White "Maisuradze, Nino"]
[Black "Baliuniene, Margarita"]
[Result "1-0"]
[WhiteElo "2349"]
[BlackElo "1961"]
[PlyCount "55"]
[EventDate "2014.??.??"]
[WhiteClock "0:02:13"]
[BlackClock "0:02:36"]

1. d4 d5 2. c4 e6 3. Nc3 c5 4. cxd5 exd5 5. Nf3 Nc6 6. Bg5 Nf6 7. Bxf6 gxf6 8.
e3 c4 9. Be2 Bb4 10. Qc2 Qa5 11. O-O Bxc3 12. bxc3 Be6 13. Rab1 Rb8 14. e4 O-O
15. e5 fxe5 16. Ng5 e4 17. f3 Qd8 18. Qd2 e3 19. Qxe3 Bf5 20. Rbe1 b5 21. g4
Bg6 22. f4 Re8 23. Qh3 f6 24. f5 fxg5 25. fxg6 hxg6 26. Qh6 Re6 27. Bd3 Re7 28.
Qxg6+ 1-0

﻿

[Event "Lady Chess 2014"]
[Site "Asgaard Skole"]
[Date "2014.10.12"]
[Round "2.5"]
[White "Guindy, Esmat Susanne"]
[Black "Krasenkova, Ilena"]
[Result "1-0"]
[WhiteElo "2062"]
[BlackElo "2067"]
[PlyCount "121"]
[EventDate "2014.??.??"]
[WhiteClock "0:05:01"]
[BlackClock "0:01:04"]

1. d4 Nf6 2. c4 g6 3. Nf3 Bg7 4. g3 O-O 5. Bg2 d6 6. O-O Nc6 7. Nc3 Bf5 8. d5
Na5 9. Nd4 Bd7 10. Qd3 c5 11. dxc6 Nxc6 12. Nxc6 bxc6 13. h3 Qc8 14. Kh2 Qa6
15. Bd2 Be6 16. b3 Nd7 17. Rac1 Rac8 18. Bg5 Rfe8 19. Qd2 Qa5 20. Ne4 Qxd2 21.
Bxd2 h6 22. Bc3 c5 23. Bxg7 Kxg7 24. Nc3 Nb6 25. Rfd1 a5 26. a4 Bd7 27. Rd2 Rb8
28. f4 f5 29. Nb5 Rec8 30. e4 Bxb5 31. axb5 a4 32. bxa4 Nxa4 33. Ra2 Nb6 34.
Ra7 Kf6 35. g4 fxe4 36. Bxe4 e6 37. Bc6 Rf8 38. h4 g5 39. fxg5+ hxg5 40. Rf1+
Ke5 41. Re1+ Kd4 42. Re4+ Kc3 43. Ra3+ Kb4 44. Rd3 Nxc4 45. Rxd6 Rf2+ 46. Kg1
Rbf8 47. Rd1 Kb3 48. Rxe6 R2f4 49. Re4 Rxe4 50. Bxe4 Rf4 51. Bf5 Ne3 52. Rd3+
Kb4 53. Rxe3 Kxb5 54. hxg5 Rd4 55. g6 Rd1+ 56. Kf2 Rd8 57. Be6 Rf8+ 58. Ke2 Rf6
59. g7 Rg6 60. g8=Q Rxg8 61. Bxg8 1-0

﻿

[Event "Lady Chess 2014"]
[Site "Koge"]
[Date "2014.10.12"]
[Round "3.5"]
[White "Baliuniene, Margarita"]
[Black "Ambartsumova, Karina"]
[Result "0-1"]
[WhiteElo "1961"]
[BlackElo "2278"]
[PlyCount "86"]
[EventDate "2014.??.??"]
[WhiteClock "0:03:49"]
[BlackClock "0:02:49"]

1. d4 Nf6 2. c4 e6 3. Nc3 Bb4 4. Qc2 O-O 5. a3 Bxc3+ 6. Qxc3 d5 7. e3 Nbd7 8.
Nf3 c5 9. cxd5 exd5 10. dxc5 Ne4 11. Qc2 Ndxc5 12. b4 Nd7 13. Bb2 a5 14. Bd3
axb4 15. axb4 Rxa1+ 16. Bxa1 Qe7 17. Qb3 Ndf6 18. O-O Bg4 19. Rc1 Ra8 20. Nd4
Bd7 21. Bb2 Ng4 22. Bxe4 dxe4 23. h3 Nf6 24. Rc7 b6 25. Qc4 Ne8 26. Nf5 Qe6 27.
Qxe6 Bxe6 28. Ne7+ Kf8 29. Rb7 Nd6 30. Rxb6 Nc4 31. Bxg7+ Kxg7 32. Rb7 Ra6 33.
b5 Rb6 34. Rxb6 Nxb6 35. Nc6 Bc4 36. Nd4 Kf6 37. f3 Ke5 38. f4+ Kd6 39. g4 Kc5
40. g5 Bxb5 41. Nxb5 Kxb5 42. f5 Kc5 43. Kf2 Kd5 0-1

﻿

[Event "Lady Chess 2014"]
[Site "Koge"]
[Date "2014.10.13"]
[Round "4.5"]
[White "Krasenkova, Ilena"]
[Black "Frisk, Ellinor"]
[Result "0-1"]
[WhiteElo "2067"]
[BlackElo "2311"]
[PlyCount "122"]
[EventDate "2014.??.??"]
[WhiteClock "0:03:45"]
[BlackClock "0:03:10"]

1. d4 d5 2. Nf3 Nf6 3. c4 c6 4. e3 Bg4 5. Nc3 e6 6. h3 Bh5 7. cxd5 exd5 8. Bd3
Nbd7 9. O-O Be7 10. Re1 O-O 11. g4 Bg6 12. Bxg6 hxg6 13. Qd3 Re8 14. Ne5 Bb4
15. Nxd7 Qxd7 16. f3 c5 17. Bd2 c4 18. Qf1 b5 19. Qg2 Be7 20. g5 Nh7 21. f4
Rad8 22. a3 a5 23. Qg4 Qc6 24. h4 b4 25. axb4 axb4 26. Ne2 Ra8 27. Kf2 Rxa1 28.
Rxa1 Ra8 29. Rxa8+ Qxa8 30. Qd7 Bf8 31. Bc1 Qa5 32. f5 Qa6 33. Qxd5 gxf5 34.
Qxf5 g6 35. Qe4 Bd6 36. d5 Nf8 37. Bd2 Qc8 38. Kg2 Nd7 39. h5 gxh5 40. Qf5 Nb6
41. Qxc8+ Nxc8 42. e4 Nb6 43. Be3 c3 44. Nxc3 bxc3 45. bxc3 Nd7 46. c4 Kh7 47.
Kh3 Kg6 48. Kh4 Bb4 49. Bf2 Ne5 50. c5 Nf3+ 51. Kg3 Nxg5 52. Kf4 Nh3+ 53. Ke5
Nxf2 54. c6 Ng4+ 55. Kd4 Bd6 56. Kc4 h4 57. Kb5 h3 58. Kb6 h2 59. c7 Bxc7+ 60.
Kxc7 h1=Q 61. d6 Ne5 0-1

﻿

[Event "Xtracon Grand Master 2014"]
[Site "Koge"]
[Date "2014.10.16"]
[Round "7.5"]
[White "Ptacnikova, Lenka"]
[Black "Frey, Alisa"]
[Result "0-1"]
[WhiteElo "2265"]
[BlackElo "2098"]
[PlyCount "83"]
[EventDate "2014.??.??"]
[WhiteClock "0:01:12"]
[BlackClock "0:07:01"]

1. g3 Nf6 2. Bg2 g6 3. e4 d6 4. d4 Bg7 5. Ne2 O-O 6. O-O c5 7. dxc5 dxc5 8.
Nbc3 Nc6 9. Be3 Qa5 10. Bd2 Qc7 11. Nd5 Nxd5 12. exd5 Nd4 13. c3 Nb5 14. Nf4
Nd6 15. Qe2 b5 16. Rfe1 Bf6 17. Nd3 Rb8 18. Be3 c4 19. Nb4 a5 20. Nc6 Rb7 21.
Bf4 Qb6 22. g4 g5 23. Be5 b4 24. cxb4 axb4 25. a4 bxa3 26. bxa3 c3 27. Rac1 Qb2
28. Rc2 Qxa3 29. Rxc3 Rb3 30. Bxf6 exf6 31. Ne7+ Kg7 32. Rc7 Ba6 33. Qc2 Qb4
34. Rc1 Bd3 35. Qd1 Ra8 36. Nc6 Qb6 37. Nd4 Rba3 38. Ne6+ Kh6 39. R7c6 Qb2 40.
Nc5 Be2 41. Qe1 Ra1 42. Nd7 0-1

﻿

[Event "Lady Chess 2014"]
[Site "Koge"]
[Date "2014.10.17"]
[Round "8.5"]
[White "Tomnikova, Lidia"]
[Black "Maisuradze, Nino"]
[Result "1/2-1/2"]
[WhiteElo "2240"]
[BlackElo "2349"]
[PlyCount "103"]
[EventDate "2014.??.??"]
[WhiteClock "0:31:33"]
[BlackClock "0:08:06"]

1. e4 c5 2. Nf3 a6 3. d4 cxd4 4. Nxd4 Nf6 5. Nc3 e5 6. Nf3 Bb4 7. Bc4 Qc7 8.
Qd3 d6 9. Bd2 Bxc3 10. Bxc3 b5 11. Bb3 Bb7 12. Ng5 O-O 13. O-O-O h6 14. Nxf7
Rxf7 15. Qxd6 Qxd6 16. Rxd6 Nc6 17. Rhd1 Re8 18. f3 Kf8 19. Bxf7 Kxf7 20. Kb1
Re6 21. R6d3 Re7 22. a3 Bc8 23. Be1 Rd7 24. Bf2 Ke8 25. Rd6 Rxd6 26. Rxd6 Bd7
27. Bh4 Ke7 28. Rd3 Ke8 29. Bxf6 gxf6 30. b3 Ke7 31. Kc1 Nd4 32. Kd2 Bc6 33.
Re3 Kd6 34. Re1 Be8 35. Rf1 a5 36. Rb1 Bf7 37. Kd3 h5 38. c4 Nxb3 39. cxb5 a4
40. Rb2 Kc5 41. Rc2+ Kxb5 42. Rc7 Nc5+ 43. Kc3 Bc4 44. Rg7 Bf1 45. Rg6 h4 46.
g3 hxg3 47. hxg3 Nd7 48. f4 Bg2 49. fxe5 fxe5 50. Rd6 Bh3 51. Rh6 Bg2 52. Rd6
1/2-1/2

﻿